000 00315 a2200157 4500
001 176605
020 _a
040 _cMagnum
100 _aRey, Marcos
240 1 0 _aGincana da morte
_lpor
245 1 0 _aGincana da morte
362 0 _a1899
440 1 _aÁtica
697 _aMAGNITO: J/SUSPENSE
942 _cBK
999 _c176605
_d176605